000 01060nam a2200289 i 4500
001 196233
003 ES-MaACL
005 20250825062657.0
007 ta
008 240820b1989 uk ||||| |||| 00| 0 eng d
040 _bspa
_cES-MaACL
100 _aAylmer, Ursula
_9238546
245 1 0 _aViews of Oxford /
_cUrsula Aylmer.
260 _aOxford :
_bPrinted at the University Press,
_c1989.
300 _a67 p. :
_bil. col. ;
_c20 x 26 cm.
336 _2rdacontent
_atexto
337 _2rdamedia
_asin mediación
338 _2rdacarrier
_avolumen
500 _aIlustraciones: ... selected from the Oxford Almanacks"-- hoja 4 de cubierta.
655 7 _2tgfbne
_aLibros ilustrados
_9193653
852 _aES-MaACL
_cDEPO1
_jA-15343
_hDonación: José Manuel Duarte Cendán
_9203981
903 _aDuarte Cendán, José Manuel
_q1
_ednr
_9238529
942 _n0
_cMONOGRAFIA
999 _c196233
_d196233